00219nam a2200097Ia 4500008004100000041000800041082000900049100001400058245002400072260002500096231212s1978 xx 000 0 und d aeng a1.64 aLeventhal a8080/8085 Assembley aDelhibMc Grawc1978